Vowel US State Capitals Quiz Stats

 Plays Quiz Updated Jan 4, 2019

Support Sporcle.
Go Orange.
Score 0/8 Timer 02:00
13 Plays Today
% Correct
Austin, Texas
82.1%
Albany, New York
77.9%
Indianapolis, Indiana
75%
Atlanta, Georgia
74%
Augusta, Maine
71.9%
Oklahoma City, Oklahoma
69.4%
Annapolis, Maryland
67.3%
Olympia, Washington
64.5%

You're not logged in!

Compare scores with friends on all Sporcle quizzes.
OR
Log In
Forgot?

From the Vault

Two-Word Hint Mini-Crossword VIII

by AuroraIllumina

Two words per hint? Well that's just two words crossing each other.
Remove Ads.
Support Sporcle.
Get the best of Sporcle when you Go Orange. This ad-free experience offers more features, more stats, and more fun while also helping to support Sporcle. Thank you for becoming a member.

Show Comments

Extras

Top Quizzes Today


Score Distribution

Your Account Isn't Verified!

In order to create a playlist on Sporcle, you need to verify the email address you used during registration. Go to your Sporcle Settings to finish the process.

Report this User

Report this user for behavior that violates our Community Guidelines.

Details: